000 00565nam a2200169Ia 4500
008 090711s9999 xx 000 0 und d
082 _b60545
100 _aशेवडे रा. वा.
245 _aमहर्षी दयानंद सरस्वती
260 _c1988
300 _a48
600 _aशेवडे रा. वा.
630 _aमहर्षी दयानंद सरस्वती
700 _aशेवडे रा. वा.
730 _aमहर्षी दयानंद सरस्वती
942 _cBOOK
999 _c293516
_d293516